000 00529cam a2200169u 4500
082 _a359.0092
_bWAL
100 1 _aWalter, Richard,
_949752
245 0 0 _aAnson's voyage round the world,
260 _aLondon,
_bM. Hopkinson ltd.: Boston, C. E. Lauriat co.,
_c1928.
300 _ap. cm.
526 _a0
_b0
_c0
_d359_009200000000000_WAL
650 0 _aMCE
_9379
650 0 _aVoyages around the world
_949753
700 1 _aAnson, George Anson,
_949754
700 1 _aClowes, G. S. Laird, [from old catalog]
_949755
942 _2ddc
_cBK
999 _c552519
_d552519